Caravaggio studies

Saved in:
Bibliographic Details
Main Author: Friedlaender, Walter (Author)
Document Type: Book
Language:English
Published: Princeton, N.J. : Princeton Univ. Press , 1955
Subjects:
Related Items:Rezensiert in: [Rezension von: Walter Friedländer, Caravaggio Studies]
Author Notes:Walter Friedlaender
LEADER 02776cam a2200649 c 4500
001 1124346880
003 DE-627
005 20260610203227.0
007 tu
008 920827s1955 xx ||||| 00| ||eng c
035 |a (DE-627)1124346880 
035 |a (DE-603)109390245 
035 |a (DE-576)054346886 
035 |a (DE-599)BSZ054346886 
035 |a (OCoLC)1333340996 
035 |a (OCoLC)250029941 
035 |a (OCoLC)00518540 
035 |a (AT-OBV)AC03098945 
035 |a (DE-604)8019304056 
040 |a DE-627  |b ger  |c DE-627  |e rakwb 
041 |a eng 
050 0 |a ND623.C26 
082 0 |a 927.5 
082 0 |a 759.5 
084 |a 9,10  |2 ssgn 
084 |a LI 21450  |2 rvk  |0 (DE-625)rvk/95724: 
084 |a 20.31  |2 bkl 
100 1 |a Friedlaender, Walter  |d 1873-1966  |0 (DE-588)11869345X  |0 (DE-627)079475590  |0 (DE-576)161015530  |4 aut 
245 1 0 |a Caravaggio studies  |c Walter Friedlaender 
264 1 |a Princeton, N.J.  |b Princeton Univ. Press  |c 1955 
300 |a XXVIII, 320 S., 68 Bl.Abb 
336 |a Text  |b txt  |2 rdacontent 
337 |a ohne Hilfsmittel zu benutzen  |b n  |2 rdamedia 
338 |a Band  |b nc  |2 rdacarrier 
583 1 |a Massenentsäuert  |c 2014  |k DE-18  |2 pdager  |5 DE-18-308 
583 1 |a Archivierung/Langzeitarchivierung gewährleistet  |f SSG  |x XA-DE-BW  |2 pdager  |5 DE-16 
583 1 |a Archivierung prüfen  |c 20240324  |f DE-4165  |z 1  |2 pdager 
600 1 0 |a Caravaggio, Michelangelo Merisi da 
600 1 7 |0 (DE-588)118519034  |0 (DE-627)079321143  |0 (DE-576)160689198  |a Caravaggio, Michelangelo Merisi da  |d 1571-1610  |2 gnd 
655 7 |a Biografie  |0 (DE-588)4006804-3  |0 (DE-627)104213493  |0 (DE-576)208867147  |2 gnd-content 
689 0 0 |d p  |0 (DE-588)118519034  |0 (DE-627)079321143  |0 (DE-576)160689198  |a Caravaggio, Michelangelo Merisi da  |d 1571-1610  |2 gnd 
689 0 1 |d s  |0 (DE-588)4114333-4  |0 (DE-627)105822957  |0 (DE-576)209483733  |a Kunst  |2 gnd 
689 0 |5 (DE-627) 
700 1 |a Caravaggio, Michelangelo Merisi da  |d 1571-1610  |0 (DE-588)118519034  |0 (DE-627)079321143  |0 (DE-576)160689198  |4 oth 
787 0 8 |i Rezensiert in  |a Soehner, Halldor, 1919 - 1968  |t [Rezension von: Walter Friedländer, Caravaggio Studies]  |d Nürnberg : Carl, 1956  |w (DE-627)1728883636 
889 |w (DE-576)9018556807 
889 |w (DE-627)018556809 
889 |w (DE-627)404657788 
935 |i mdedup 
936 r v |a LI 21450  |b Caravaggio, Michelangelo Merisi da  |k Kunstgeschichte  |k Künstler-Monografien  |k Alphabetische Künstlerliste  |k Künstler C  |k Caravaggio, Michelangelo Merisi da  |0 (DE-627)1270637428  |0 (DE-625)rvk/95724:  |0 (DE-576)200637428 
936 b k |a 20.31  |j Bildende Künstler  |q ARK  |0 (DE-627)181571080 
936 s n |a l300  |2 mzub 
951 |a BO 
990 |a Caravaggio, Michelangelo Merisi da 
990 |a Kunst 
991 |a Rezensiertes Werk 
999 |a KXP-PPN1124346880  |e 4093805431